LIBRARY & INFORMATION CENTRE, KCAET, TAVANUR

ONLINE PUBLIC ACCESS CATALOGUE (OPAC)

Forging Practice / (Record no. 3299)

MARC details
000 -LEADER
fixed length control field 00408cam a2200157ua 4500
082 ## - DEWEY DECIMAL CLASSIFICATION NUMBER
Classification number 671.83
Item number KAM/FO
100 ## - MAIN ENTRY--AUTHOR NAME
Personal name Kamenschikov, G .
245 ## - TITLE STATEMENT
Title Forging Practice /
250 ## - EDITION STATEMENT
Edition statement 1 /
260 ## - PUBLICATION, DISTRIBUTION, ETC. (IMPRINT)
Place of publication Moscow :
Name of publisher Foreign Language Publishing House ,
Year of publication 1971.
300 ## - PHYSICAL DESCRIPTION
Number of Pages 412 ; .
700 1# - ADDED ENTRY--PERSONAL NAME
Personal name Cheenobrovkin, B .
700 1# - ADDED ENTRY--PERSONAL NAME
Personal name Koltun, S .
700 1# - ADDED ENTRY--PERSONAL NAME
Personal name Naumov, V .
942 ## - ADDED ENTRY ELEMENTS (KOHA)
Koha item type Books
Holdings
Withdrawn status Lost status Damaged status Home library Current library Date acquired Full call number Accession Number Koha item type
      KAUAET KAUAET 07/04/2012 671.83 11220 Books
free website counter